Vykazovanie pseudofinančných transakcií v účtovníctve a jeho vplyv na globálnu ekonomickú krízu

Zhodnotenie možného vplyvu vykazovania pseudofinančných transakcií na vyvolanie a prehĺbenie globálnej ekonomickej krízy. Existujúci účtovný systém v mnohých prípadoch neodhalil existenciu "toxických aktív", motivoval k vykazovaniu transakcií, ktorými sa pravý stav finančnej situácie zastieral. Hľad...

Full description

Saved in:
Bibliographic Details
Main Author: Tumpach, Miloš, 1970-
Other Authors: Husárová, Stanislava
Format: Book Chapter
Language:Slovak
Subjects:
Tags: Add Tag
No Tags, Be the first to tag this record!

MARC

LEADER 00000naa$a2200000$$$4500
001 0100488
005 20240502083245.3
041 0 |a slo 
044 |a CZ 
245 1 0 |a Vykazovanie pseudofinančných transakcií v účtovníctve a jeho vplyv na globálnu ekonomickú krízu  |c Miloš Tumpach, Stanislava Husárová 
520 |a Zhodnotenie možného vplyvu vykazovania pseudofinančných transakcií na vyvolanie a prehĺbenie globálnej ekonomickej krízy. Existujúci účtovný systém v mnohých prípadoch neodhalil existenciu "toxických aktív", motivoval k vykazovaniu transakcií, ktorými sa pravý stav finančnej situácie zastieral. Hľadanie odpovede na uvedenú problematiku a čiastková analýza vzťahu medzi účtovnou hodnotou akcií a vývojom cien na trhu. 
610 2 0 |a účtovníctvo 
610 2 0 |a výkazníctvo finančné 
610 2 0 |a kríza finančná 
610 2 0 |a kríza hospodárska 
610 2 0 |a akcie 
610 2 0 |a ceny 
610 2 0 |a burzy 
610 2 0 |a trh finančný 
100 1 |a Tumpach, Miloš, 1970- 
700 1 |a Husárová, Stanislava